Países asiáticos afiliados à UEFA - Statistics

Estatísticas Gerais
  • Esse quiz foi jogado 64 vezes
  • A pontuação média é 6 de 7
Estatísticas das Respostas
Países % Correto
Turquia
96%
Armênia
90%
Israel
88%
Geórgia
86%
Azerbaijão
84%
Cazaquistão
84%
Chipre
84%
Nenhum quiz correspondente encontrado
Distribuição das Pontuações
Porcentagem de Pessoas com Cada Pontuação
Percentil de Números Respondidos
Sua Pontuação Histórica
Você não jogou esse quiz